Color atlas of anatomy : (Record no. 16779)
[ view plain ]
| 000 -LEADER | |
|---|---|
| fixed length control field | 01582cam a22003374a 4500 |
| 001 - CONTROL NUMBER | |
| control field | 12553718 |
| 005 - DATE AND TIME OF LATEST TRANSACTION | |
| control field | 20100812134054.0 |
| 008 - FIXED-LENGTH DATA ELEMENTS--GENERAL INFORMATION | |
| fixed length control field | 011002s2002 mdua 001 0 eng |
| 010 ## - LIBRARY OF CONGRESS CONTROL NUMBER | |
| LC control number | 2001050416 |
| 020 ## - INTERNATIONAL STANDARD BOOK NUMBER | |
| International Standard Book Number | 0781731941 |
| 040 ## - CATALOGING SOURCE | |
| Original cataloging agency | DLC |
| Transcribing agency | DLC |
| Modifying agency | DLC |
| 042 ## - AUTHENTICATION CODE | |
| Authentication code | pcc |
| 050 00 - LIBRARY OF CONGRESS CALL NUMBER | |
| Classification number | QM25 |
| Item number | .R55 2002 |
| 082 00 - DEWEY DECIMAL CLASSIFICATION NUMBER | |
| Classification number | 611.00222 |
| Edition number | 21 |
| Item number | ROH |
| 100 1# - MAIN ENTRY--PERSONAL NAME | |
| Personal name | Rohen, Johannes W. |
| Fuller form of name | (Johannes Wilhelm) |
| 9 (RLIN) | 30177 |
| 245 10 - TITLE STATEMENT | |
| Title | Color atlas of anatomy : |
| Remainder of title | a photographic study of the human body / |
| Statement of responsibility, etc | Johannes W. Rohen, Chihiro Yokochi, Elke Lutjen-Drecoll. |
| 250 ## - EDITION STATEMENT | |
| Edition statement | 7th ed. |
| 260 ## - PUBLICATION, DISTRIBUTION, ETC. (IMPRINT) | |
| Place of publication, distribution, etc | Baltimore, MD : |
| Name of publisher, distributor, etc | Lippincott Williams & Wilkins, |
| Date of publication, distribution, etc | 2011. |
| 300 ## - PHYSICAL DESCRIPTION | |
| Extent | xii, 532 p. : |
| Other physical details | col. ill. ; |
| Dimensions | 31 cm. |
| 500 ## - GENERAL NOTE | |
| General note | Includes index. |
| 650 #0 - SUBJECT ADDED ENTRY--TOPICAL TERM | |
| Topical term or geographic name as entry element | Human anatomy |
| Form subdivision | Atlases. |
| 9 (RLIN) | 30178 |
| 653 ## - INDEX TERM--UNCONTROLLED | |
| Resource For college | |
| Arrived date list | June2011 |
| 700 1# - ADDED ENTRY--PERSONAL NAME | |
| Personal name | Yokochi, Chihiro. |
| 9 (RLIN) | 30179 |
| 700 1# - ADDED ENTRY--PERSONAL NAME | |
| Personal name | Lutjen-Drecoll, Elke. |
| 9 (RLIN) | 30180 |
| 856 42 - ELECTRONIC LOCATION AND ACCESS | |
| Materials specified | Publisher description |
| Uniform Resource Identifier | <a href="http://www.loc.gov/catdir/enhancements/fy0711/2001050416-d.html">http://www.loc.gov/catdir/enhancements/fy0711/2001050416-d.html</a> |
| 856 41 - ELECTRONIC LOCATION AND ACCESS | |
| Materials specified | Table of contents only |
| Uniform Resource Identifier | <a href="http://www.loc.gov/catdir/enhancements/fy1012/2001050416-t.html">http://www.loc.gov/catdir/enhancements/fy1012/2001050416-t.html</a> |
| 942 ## - ADDED ENTRY ELEMENTS (KOHA) | |
| Source of classification or shelving scheme | Dewey Decimal Classification |
| Item type | |
| Withdrawn status | Item status | Source of classification or shelving scheme | Damaged status | Not for loan | Vendor | Home library | Current library | Shelving location | Date acquired | Source of acquisition | Total Checkouts | Total Renewals | Full call number | Barcode | Date last seen | Date last borrowed | Koha item type |
|---|---|---|---|---|---|---|---|---|---|---|---|---|---|---|---|---|---|
| Dewey Decimal Classification | Donation-Gift | Central Library | Central Library | First floor | 20/06/2012 | Donation | 16 | 53 | 611.00222 ROH | 000026867 | 12/03/2026 | 27/11/2025 | Book - Borrowing | ||||
| Dewey Decimal Classification | Donation-Gift | Central Library | Central Library | First floor | 21/06/2012 | Donation | 16 | 32 | 611.00222 ROH | 000026853 | 12/10/2025 | 28/09/2025 | Book - Borrowing |